| 000 | 00347nam a2200133Ia 4500 | ||
|---|---|---|---|
| 008 | 240624s9999 xx 000 0 und d | ||
| 041 | _aeng | ||
| 082 | _a004.22 MAN | ||
| 100 | _aMANO M MORRIS | ||
| 245 | _aCOMPTER SYSTEM ARCHITECTURE | ||
| 250 | _a(3rd ed.) | ||
| 260 |
_c2004 _aNew Delhi _bPearson Education |
||
| 300 | _axxviii, : 525 : p. ; 24cm. | ||
| 999 |
_c4983 _d4983 |
||